40 Most Famous Cities in Czech Republic on a Map - Statistics

General Stats
  • This quiz has been taken 199 times
  • The average score is 21 of 44
Answers on the Map
Answers color-coded by a green-red scale on the quiz's map according to % correct below.
 
Answer Stats
Wiki Monthly Views Cityquiz Mention Rate Population Answers % Correct
421.90K 57.64% 1301.43K Prague
100%
90.38K 23.21% 398.51K Brno
95%
48.49K 11.60% 174.01K Plzeň
87%
45.17K 10.22% 282.45K Ostrava
85%
28.85K 4.33% 104.34K Liberec
78%
32.42K 4.47% 106.06K Olomouc
78%
27.06K 3.84% 95.66K České Budějovice
66%
60.08K 5.56% 44.32K Karlovy Vary
65%
16.46K 2.26% 89.62K Pardubice
63%
17.48K 2.17% 89.71K Ústí nad Labem
63%
22.13K 2.25% 92.65K Hradec Králové
61%
18.20K 2.52% 74.18K Zlín
60%
12.91K 1.47% 50.52K Jihlava
58%
10.85K 1.54% 61.31K Most
55%
11.72K 1.48% 55.15K Opava
52%
8.74K 1.01% 67.76K Kladno
51%
37.32K 1.76% 12.28K Český Krumlov
49%
15.83K 1.86% 30.16K Cheb
48%
6.47K 0.74% 53.70K Frýdek-Místek
46%
14.63K 0.97% 42.54K Mladá Boleslav
46%
7.54K 0.68% 45.55K Chomutov
45%
10.00K 0.72% 46.34K Děčín
45%
8.62K 1.03% 44.49K Jablonec nad Nisou
45%
11.98K 0.92% 33.74K Znojmo
44%
7.49K 1.10% 48.47K Karviná
43%
13.52K 1.26% 48.43K Teplice
43%
22.16K 0.94% 20.16K Kutná Hora
42%
7.01K 0.62% 24.32K Břeclav
38%
7.94K 0.47% 23.43K Litoměřice
37%
16.34K 0.67% 11.98K Mariánské Lázně
37%
13.31K 1.25% 33.36K Tábor
37%
8.46K 0.87% 31.95K Kolín
36%
7.16K 0.47% 43.67K Prostějov
36%
7.72K 0.50% 34.37K Třebíč
36%
7.00K 0.75% 23.13K Český Těšín
35%
7.46K 0.72% 29.61K Písek
33%
7.92K 0.36% 28.28K Kroměříž
31%
8.49K 0.44% 7.46K Mikulov
31%
7.86K 0.41% 5.15K Telč
31%
11.28K 0.39% 7.07K Slavkov u Brna
27%
17.95K 0.30% 2.96K Terezín
22%
9.17K 0.12% 2.21K Jáchymov
17%
29.31K 0.18% 0.54K Lidice
13%
8.51K 0.12% 8.22K Příbor
13%
No matching quizzes found
Score Distribution
Percent of People with Each Score
Percentile by Number Answered
Your Score History
You have not taken this quiz